[Event "Gatineau LEO-A"]
[Site "Gatineau CAN"]
[Date "2010.05.04"]
[Round "4"]
[White "Desjardins, Michel"]
[Black "Groleau, Gilles"]
[Result "1/2-1/2"]
[WhiteElo "2001"]
[BlackElo "1970"]
[PlyCount "66"]
[EventDate "2010.04.13"]
[EventType "tourn"]
[EventRounds "6"]
[EventCountry "CAN"]
[Source "ChessBase"]
[SourceDate "2011.11.26"]

1. e4 c5 2. Nc3 Nc6 3. g3 g6 4. Bg2 Bg7 5. d3 d6 6. Be3 Nf6 7. h3 O-O 8. Qd2
Nd4 9. Nge2 e5 10. f4 Bd7 11. O-O b5 12. f5 b4 13. Nd1 Rc8 14. g4 Nxe2+ 15.
Qxe2 Bb5 16. b3 d5 17. Bg5 dxe4 18. Bxe4 Qd4+ 19. Nf2 Nxe4 20. Qxe4 Bc6 21.
Qxd4 cxd4 22. f6 Bh8 23. Rae1 Rfe8 24. Re2 Re6 25. Ne4 Bxe4 26. dxe4 h6 27.
Bxh6 Rxf6 28. Ref2 Rxf2 29. Rxf2 Rc6 30. Bg5 Bg7 31. Be7 Bf8 32. Bf6 Bg7 33.
Be7 Bf8 1/2-1/2

[Event "Gatineau LEO-A"]
[Site "Gatineau CAN"]
[Date "2010.05.11"]
[Round "5"]
[White "Desjardins, Michel"]
[Black "Brousseau, Yvan"]
[Result "0-1"]
[WhiteElo "2001"]
[BlackElo "1959"]
[PlyCount "52"]
[EventDate "2010.04.13"]
[EventType "tourn"]
[EventRounds "6"]
[EventCountry "CAN"]
[Source "ChessBase"]
[SourceDate "2011.11.26"]

1. e4 Nc6 2. Nc3 e6 3. d4 d5 4. e5 Nge7 5. f4 Nf5 6. Nf3 b6 7. Bb5 Bd7 8. a3 a6
9. Be2 Be7 10. Qd3 Na5 11. g4 Nh4 12. Kf1 Nxf3 13. Qxf3 f6 14. Kg2 c5 15. Be3
fxe5 16. fxe5 cxd4 17. Bxd4 Nc6 18. Rad1 Qc7 19. Qg3 O-O 20. Bf3 Bg5 21. Rhe1
Nxd4 22. Rxd4 Qc5 23. Rxd5 Rxf3 24. Kxf3 Bc6 25. Ke2 Bxd5 26. Kf1 Rf8+ 0-1

[Event "Gatineau LEO-A"]
[Site "Gatineau CAN"]
[Date "2010.05.11"]
[Round "5"]
[White "Groleau, Gilles"]
[Black "Gagnon, Fabien"]
[Result "0-1"]
[WhiteElo "1970"]
[BlackElo "1958"]
[PlyCount "64"]
[EventDate "2010.04.13"]
[EventType "tourn"]
[EventRounds "6"]
[EventCountry "CAN"]
[Source "ChessBase"]
[SourceDate "2011.11.26"]

1. e4 c5 2. Nc3 Nc6 3. f4 e6 4. Nf3 d5 5. Bb5 Nge7 6. exd5 Nxd5 7. Bxc6+ bxc6
8. d3 Bd6 9. g3 O-O 10. O-O Nxc3 11. bxc3 c4 12. d4 c5 13. Be3 cxd4 14. cxd4
Bb7 15. c3 Qa5 16. Qc2 f5 17. h4 Rab8 18. Bc1 Bc6 19. Kh2 Be4 20. Qd2 h6 21.
Ne5 Bxe5 22. fxe5 Rb7 23. g4 fxg4 24. Rxf8+ Kxf8 25. a4 Bf3 26. Ba3+ Kg8 27.
Bb4 Qd5 28. a5 a6 29. Qe3 Rf7 30. Re1 Rf5 31. Bc5 Rh5 32. Kg3 Qd8 0-1

[Event "Gatineau LEO-A"]
[Site "Gatineau CAN"]
[Date "2010.05.15"]
[Round "6"]
[White "Brousseau, Yvan"]
[Black "Groleau, Gilles"]
[Result "1/2-1/2"]
[WhiteElo "1959"]
[BlackElo "1970"]
[PlyCount "53"]
[EventDate "2010.04.13"]
[EventType "tourn"]
[EventRounds "6"]
[EventCountry "CAN"]
[Source "ChessBase"]
[SourceDate "2011.11.26"]

1. b3 d5 2. Bb2 Bg4 3. Nf3 Bxf3 4. exf3 e6 5. g3 Nf6 6. Bg2 Bd6 7. f4 O-O 8.
O-O Nbd7 9. d3 c6 10. Re1 Qc7 11. c4 Rad8 12. Nd2 Bb4 13. a3 Bxd2 14. Qxd2 dxc4
15. dxc4 Nc5 16. Qc2 Nd3 17. Red1 Nxb2 18. Qxb2 Rxd1+ 19. Rxd1 Rd8 20. Qc2
Rxd1+ 21. Qxd1 Qd7 22. Qxd7 Nxd7 23. Kf1 Kf8 24. Ke2 Ke7 25. b4 Kd6 26. Kd3 b6
27. h3 1/2-1/2

[Event "Gatineau LEO-A"]
[Site "Gatineau CAN"]
[Date "2010.05.15"]
[Round "6"]
[White "Gagnon, Fabien"]
[Black "Desjardins, Michel"]
[Result "1-0"]
[WhiteElo "1958"]
[BlackElo "2001"]
[PlyCount "79"]
[EventDate "2010.04.13"]
[EventType "tourn"]
[EventRounds "6"]
[EventCountry "CAN"]
[Source "ChessBase"]
[SourceDate "2011.11.26"]

1. e4 d5 2. exd5 Qxd5 3. Nc3 Qd6 4. d4 Nf6 5. Nf3 c6 6. Ne5 Nbd7 7. Bf4 Nd5 8.
Nxd5 Qxd5 9. Qd3 e6 10. Be2 f6 11. Nf3 Bb4+ 12. c3 Ba5 13. O-O O-O 14. Bd1 Re8
15. Bc2 Nf8 16. a4 a6 17. Rad1 Ng6 18. Bg3 b5 19. b4 Bb6 20. a5 Ba7 21. Rfe1
Bb7 22. Qd2 Rad8 23. Qc1 Nf8 24. Qb1 Qh5 25. Bb3 Kh8 26. Qa2 Bc8 27. Nd2 Qf5
28. Ne4 e5 29. dxe5 Rxd1 30. Bxd1 fxe5 31. Nd6 Be6 32. Qb2 Qd3 33. Nxe8 Bd5 34.
Qe2 Qxc3 35. Bxe5 Qxb4 36. Bxg7+ Kg8 37. Nf6+ Kxg7 38. Nxd5 Bxf2+ 39. Kxf2 Qh4+
40. Kg1 1-0

[Event "Gatineau LEO-B"]
[Site "Gatineau CAN"]
[Date "2010.04.13"]
[Round "1"]
[White "Berthiaume, Serge"]
[Black "Menard, Marc"]
[Result "0-1"]
[WhiteElo "1300"]
[BlackElo "1612"]
[PlyCount "108"]
[EventDate "2010.04.13"]
[EventType "swiss"]
[EventRounds "6"]
[EventCountry "CAN"]
[Source "ChessBase"]
[SourceDate "2011.11.26"]

1. d4 Nf6 2. Nf3 g6 3. Bf4 Bg7 4. c4 d6 5. Nc3 O-O 6. d5 Nbd7 7. Qd2 e5 8. Bg5
c6 9. Bh6 Qb6 10. Bxg7 Kxg7 11. Na4 Qc7 12. g3 Nb6 13. Nxb6 Qxb6 14. e3 Ne4 15.
Qc1 Bg4 16. Nd2 Nxd2 17. Qxd2 Bf3 18. Rg1 cxd5 19. cxd5 f5 20. Be2 Bxe2 21.
Kxe2 Rac8 22. Rgc1 Qb5+ 23. Ke1 b6 24. Rc3 Rc5 25. Rxc5 bxc5 26. Qc3 Rb8 27. b3
Qb4 28. Qxb4 Rxb4 29. Rc1 e4 30. Kd2 a5 31. Rc4 Kf6 32. Kc3 Ke5 33. a3 Rb5 34.
a4 Rb6 35. b4 axb4+ 36. Kb3 Kxd5 37. Rc2 Ra6 38. Rd2+ Ke5 39. Ra2 d5 40. a5 d4
41. Kc4 b3 42. Kxb3 Kd5 43. Ra4 d3 44. Kc3 g5 45. Kd2 Kc6 46. g4 Kb5 47. Ra1
fxg4 48. Rg1 h5 49. h3 gxh3 50. Rxg5 Rxa5 51. Rxh5 Ra2+ 52. Ke1 Kb4 53. Rxh3
Kc3 54. Rh5 Ra1# 0-1

[Event "Gatineau LEO-B"]
[Site "Gatineau CAN"]
[Date "2010.04.13"]
[Round "1"]
[White "Danilov, Alex"]
[Black "Beland, Guy"]
[Result "1-0"]
[WhiteElo "1824"]
[BlackElo "1431"]
[PlyCount "60"]
[EventDate "2010.04.13"]
[EventType "swiss"]
[EventRounds "6"]
[EventCountry "CAN"]
[Source "ChessBase"]
[SourceDate "2011.11.26"]

1. e4 e5 2. Nf3 Nc6 3. Bb5 a6 4. Ba4 Nf6 5. O-O b5 6. Bb3 Be7 7. d4 d6 8. dxe5
dxe5 9. Bd5 Nxd5 10. exd5 Nb4 11. Nc3 Bb7 12. Nxe5 O-O 13. a4 Nxd5 14. Ne2 c6
15. Nd4 Qc7 16. Re1 Bd6 17. f4 Rae8 18. Bd2 c5 19. Ndf3 Re7 20. axb5 axb5 21.
c4 Nb4 22. cxb5 f6 23. Bxb4 fxe5 24. Ba5 Qb8 25. Qb3+ Kh8 26. Ng5 exf4 27. Rxe7
f3 28. Nf7+ Rxf7 29. Qxf7 Bxh2+ 30. Kf1 fxg2+ 1-0

[Event "Gatineau LEO-B"]
[Site "Gatineau CAN"]
[Date "2010.04.13"]
[Round "1"]
[White "Dupont, Claude"]
[Black "Arsenault, Michel"]
[Result "1/2-1/2"]
[WhiteElo "1437"]
[BlackElo "1837"]
[PlyCount "79"]
[EventDate "2010.04.13"]
[EventType "swiss"]
[EventRounds "6"]
[EventCountry "CAN"]
[Source "ChessBase"]
[SourceDate "2011.11.26"]

1. e4 c5 2. Nf3 e6 3. d3 Nc6 4. Be2 d5 5. exd5 exd5 6. d4 Nf6 7. Bg5 Be7 8. c3
O-O 9. O-O Qb6 10. b3 Re8 11. Re1 cxd4 12. Nxd4 Nxd4 13. cxd4 Bb4 14. Rf1 Bf5
15. a3 Bxb1 16. Bxf6 Qxf6 17. axb4 Be4 18. f3 Bf5 19. Re1 a6 20. Ra5 Qd6 21.
Qd2 Re6 22. b5 Rae8 23. bxa6 bxa6 24. Rxa6 Qxa6 25. Bxa6 Rxe1+ 26. Kf2 Rb1 27.
b4 Rb3 28. Be2 h5 29. h3 Bg6 30. g4 hxg4 31. hxg4 Rc8 32. b5 Rc2 33. Qg5 Bd3
34. Qd8+ Kh7 35. Qh4+ Kg6 36. Qh5+ Kf6 37. Qe5+ Kg6 38. Qh5+ Kf6 39. Qe5+ Kg6
40. Qh5+ 1/2-1/2

[Event "Gatineau LEO-B"]
[Site "Gatineau CAN"]
[Date "2010.04.13"]
[Round "1"]
[White "Guimond, Michel"]
[Black "Sabourin, Yves"]
[Result "1/2-1/2"]
[WhiteElo "1935"]
[BlackElo "1473"]
[PlyCount "83"]
[EventDate "2010.04.13"]
[EventType "swiss"]
[EventRounds "6"]
[EventCountry "CAN"]
[Source "ChessBase"]
[SourceDate "2011.11.26"]

1. e4 e5 2. Nf3 Nf6 3. Bc4 Nc6 4. d3 Bc5 5. O-O O-O 6. a3 d5 7. exd5 Nxd5 8. b4
Bd4 9. Nxd4 Nxd4 10. c3 Nc6 11. Qf3 Be6 12. Qg3 Qf6 13. Bxd5 Bxd5 14. Bb2 Rfe8
15. b5 Ne7 16. c4 Nf5 17. Qg4 Be6 18. Qe4 Nd6 19. Qe2 Qg6 20. Nc3 f6 21. Ne4
Nxe4 22. dxe4 Qf7 23. Rfc1 Rad8 24. a4 Rd7 25. h3 Red8 26. Rc2 Rd3 27. Rac1 Qd7
28. c5 Bb3 29. c6 bxc6 30. bxc6 Qd6 31. Rc3 Bxa4 32. Ba3 Rxc3 33. Bxd6 Rxc1+
34. Kh2 Rxd6 35. Qa2+ Kf8 36. Qxa4 Rdxc6 37. Qxa7 R6c2 38. Qb8+ Kf7 39. Qb3+
Rc4 40. Qb5 c5 41. Qd7+ Kf8 42. Qd8+ 1/2-1/2

[Event "Gatineau LEO-B"]
[Site "Gatineau CAN"]
[Date "2010.04.13"]
[Round "1"]
[White "Jiang, Qizhe"]
[Black "Arsenault, Yves"]
[Result "0-1"]
[WhiteElo "1246"]
[BlackElo "1543"]
[PlyCount "64"]
[EventDate "2010.04.13"]
[EventType "swiss"]
[EventRounds "6"]
[EventCountry "CAN"]
[Source "ChessBase"]
[SourceDate "2011.11.26"]

1. e4 c5 2. Nf3 Nc6 3. d4 cxd4 4. Nxd4 Nf6 5. Nc3 e6 6. Ndb5 d6 7. Bg5 a6 8.
Bxf6 gxf6 9. Nd4 Qb6 10. Nb3 Rg8 11. Qf3 Be7 12. O-O-O Bd7 13. Rd2 O-O-O 14.
Qh5 Rg7 15. g3 Ne5 16. Bh3 Kb8 17. f4 Nc4 18. Rd4 Bb5 19. a4 Na5 20. Rb4 Qe3+
21. Kb1 Nxb3 22. Rxb3 Bc6 23. Bg2 Qc5 24. Qxc5 dxc5 25. Rd1 Rgg8 26. Ra3 Rxd1+
27. Nxd1 Rd8 28. Rd3 Bxa4 29. Rxd8+ Bxd8 30. b3 Bc6 31. c4 f5 32. Nc3 Ba5 0-1

[Event "Gatineau LEO-B"]
[Site "Gatineau CAN"]
[Date "2010.04.13"]
[Round "1"]
[White "Lavergne, Daniel"]
[Black "Berthiaume, Patrick"]
[Result "1-0"]
[WhiteElo "1600"]
[BlackElo "1256"]
[PlyCount "57"]
[EventDate "2010.04.13"]
[EventType "swiss"]
[EventRounds "6"]
[EventCountry "CAN"]
[Source "ChessBase"]
[SourceDate "2011.11.26"]

1. d4 d5 2. c4 c6 3. Nf3 Nf6 4. Nc3 e6 5. Bf4 Be7 6. e3 O-O 7. Bd3 dxc4 8. Bxc4
b5 9. Bd3 b4 10. Ne2 a5 11. h3 Ba6 12. O-O Nd5 13. Bg3 c5 14. Bxa6 Nxa6 15. Qd3
Nb6 16. Rac1 c4 17. Qb1 Rc8 18. Ne5 f6 19. Nf3 Bd6 20. Qe4 Re8 21. Bxd6 Qxd6
22. Rfd1 Nc7 23. g4 Qd5 24. Qf4 g5 25. Qxf6 h6 26. Qg6+ Kf8 27. Qxh6+ Kf7 28.
Ne5+ Ke7 29. Qxg5+ 1-0

[Event "Gatineau LEO-B"]
[Site "Gatineau CAN"]
[Date "2010.04.13"]
[Round "1"]
[White "Levesque, Andre"]
[Black "Scantland, Patrick"]
[Result "0-1"]
[WhiteElo "1340"]
[BlackElo "1734"]
[PlyCount "86"]
[EventDate "2010.04.13"]
[EventType "swiss"]
[EventRounds "6"]
[EventCountry "CAN"]
[Source "ChessBase"]
[SourceDate "2011.11.26"]

1. e4 c5 2. Nc3 d6 3. f4 Nc6 4. Nf3 g6 5. g3 Bg7 6. Bg2 e6 7. O-O Nge7 8. d3
Rb8 9. Be3 b5 10. Rb1 Nd4 11. Ne2 Nec6 12. c3 Nxe2+ 13. Qxe2 O-O 14. Qd2 a5 15.
d4 Ba6 16. f5 b4 17. Rfd1 bxc3 18. bxc3 Qe7 19. Bh6 exf5 20. Bxg7 Kxg7 21. exf5
Qf6 22. Ng5 Qxf5 23. Rxb8 Nxb8 24. Rf1 Bxf1 25. Bxf1 Re8 26. Nh3 Qe4 27. Qb2
cxd4 28. cxd4 d5 29. Nf4 Nc6 30. Ne2 Nb4 31. Nf4 Qf3 32. a3 Re1 33. Qf2 Rxf1+
34. Kxf1 Qxa3 35. Qe2 Qa1+ 36. Kf2 Qxd4+ 37. Kf3 a4 38. Kg2 a3 39. Qg4 Qe4+ 40.
Kh3 Qf5 41. Ne2 Qxg4+ 42. Kxg4 a2 43. Nc1 a1=Q 0-1

[Event "Gatineau LEO-B"]
[Site "Gatineau CAN"]
[Date "2010.04.13"]
[Round "1"]
[White "Rainey, Ivan"]
[Black "Thibault, Mario"]
[Result "1/2-1/2"]
[WhiteElo "1387"]
[BlackElo "1763"]
[PlyCount "106"]
[EventDate "2010.04.13"]
[EventType "swiss"]
[EventRounds "6"]
[EventCountry "CAN"]
[Source "ChessBase"]
[SourceDate "2011.11.26"]

1. e4 e6 2. d3 d5 3. Nd2 dxe4 4. dxe4 Nc6 5. Ngf3 Bc5 6. g3 e5 7. Bg2 Nf6 8.
O-O O-O 9. c3 a5 10. a4 b6 11. h3 Qe7 12. Qc2 Rd8 13. Re1 Be6 14. Bf1 Nh5 15.
Kg2 Bxh3+ 16. Kxh3 Bxf2 17. Re2 Bxg3 18. Nb3 Qe6+ 19. Kg2 Qg6 20. Kh1 Nf4 21.
Bxf4 Qh5+ 22. Nh2 exf4 23. Rg2 Ne5 24. Be2 Qh4 25. Nd4 g6 26. Ndf3 Nxf3 27.
Bxf3 Rd7 28. Rd1 Rad8 29. Rgd2 Rxd2 30. Rxd2 Rxd2 31. Qxd2 Bxh2 32. Qxh2 Qe1+
33. Kg2 Qd2+ 34. Kh3 Qxh2+ 35. Kxh2 f6 36. Kh3 h5 37. Kh4 Kg7 38. Bg2 Kh6 39.
Bf3 g5+ 40. Kh3 Kg6 41. Be2 f5 42. exf5+ Kxf5 43. Bxh5 Ke4 44. Kg2 Ke3 45. Bg4
c5 46. b3 Kd3 47. Kf3 Kxc3 48. Be6 Kb4 49. Bc4 Kc3 50. Kg4 Kb4 51. Kf3 Ka3 52.
Ke4 Kb4 53. Kf3 Kc3 1/2-1/2

[Event "Gatineau LEO-B"]
[Site "Gatineau CAN"]
[Date "2010.04.20"]
[Round "2"]
[White "Arsenault, Michel"]
[Black "Sabourin, Yves"]
[Result "1-0"]
[WhiteElo "1837"]
[BlackElo "1473"]
[PlyCount "69"]
[EventDate "2010.04.13"]
[EventType "swiss"]
[EventRounds "6"]
[EventCountry "CAN"]
[Source "ChessBase"]
[SourceDate "2011.11.26"]

1. e4 e6 2. d3 d5 3. Nd2 Nf6 4. Ngf3 c5 5. g3 Nc6 6. Bg2 Be7 7. O-O O-O 8. e5
Nd7 9. Re1 f6 10. exf6 Nxf6 11. Bh3 Qd6 12. Qe2 e5 13. Bxc8 Raxc8 14. Nxe5 Nxe5
15. Qxe5 Qxe5 16. Rxe5 Bd6 17. Re6 Rcd8 18. Nf3 Rfe8 19. Rxe8+ Rxe8 20. Bd2 h6
21. Re1 a6 22. Rxe8+ Nxe8 23. Ba5 g6 24. c4 Nf6 25. Bd8 dxc4 26. Bxf6 cxd3 27.
Kf1 b5 28. Ke1 Kf7 29. Be5 Ke6 30. Bxd6 Kxd6 31. Kd2 c4 32. b3 Kd5 33. bxc4+
bxc4 34. Kc3 g5 35. h3 1-0

[Event "Gatineau LEO-B"]
[Site "Gatineau CAN"]
[Date "2010.04.20"]
[Round "2"]
[White "Arsenault, Yves"]
[Black "MacIsaac, Alexandre"]
[Result "0-1"]
[WhiteElo "1543"]
[BlackElo "1648"]
[PlyCount "52"]
[EventDate "2010.04.13"]
[EventType "swiss"]
[EventRounds "6"]
[EventCountry "CAN"]
[Source "ChessBase"]
[SourceDate "2011.11.26"]

1. e4 c5 2. Nf3 e6 3. d4 cxd4 4. Nxd4 Nc6 5. Nc3 Bb4 6. Be2 Nf6 7. Bf3 O-O 8.
O-O Bxc3 9. bxc3 d5 10. Nxc6 bxc6 11. e5 Nd7 12. Re1 Ba6 13. Rb1 Qa5 14. Rb3
Qc7 15. Ba3 c5 16. Be2 Bxe2 17. Qxe2 Rfb8 18. f4 Qa5 19. Bb2 c4 20. Rb4 Rxb4
21. cxb4 Qxb4 22. c3 Qa5 23. a3 Rb8 24. Rb1 Nc5 25. Rc1 Nd3 26. Rc2 Qb6+ 0-1

[Event "Gatineau LEO-B"]
[Site "Gatineau CAN"]
[Date "2010.04.20"]
[Round "2"]
[White "Beland, Guy"]
[Black "Berthiaume, Serge"]
[Result "1-0"]
[WhiteElo "1431"]
[BlackElo "1300"]
[PlyCount "57"]
[EventDate "2010.04.13"]
[EventType "swiss"]
[EventRounds "6"]
[EventCountry "CAN"]
[Source "ChessBase"]
[SourceDate "2011.11.26"]

1. e4 e5 2. f4 exf4 3. Nf3 Nc6 4. d4 Nf6 5. Bd3 Nh5 6. O-O d6 7. Nc3 g6 8. Nd5
Bg7 9. c3 g5 10. Nxc7+ Qxc7 11. Nxg5 Nf6 12. e5 dxe5 13. dxe5 Qb6+ 14. Kh1 Ng4
15. Qe2 Bd7 16. e6 fxe6 17. Nxe6 Bf6 18. Nc7+ Kf7 19. Nxa8 Rxa8 20. Bc4+ Kg7
21. Rxf4 Nge5 22. Be3 Qc7 23. b3 Re8 24. Raf1 Rf8 25. Qh5 Ng6 26. Rxf6 Rxf6 27.
Qh6+ Kh8 28. Rxf6 Qd8 29. Rxg6 1-0

[Event "Gatineau LEO-B"]
[Site "Gatineau CAN"]
[Date "2010.04.20"]
[Round "2"]
[White "Berthiaume, Patrick"]
[Black "Levesque, Andre"]
[Result "1-0"]
[WhiteElo "1256"]
[BlackElo "1340"]
[PlyCount "69"]
[EventDate "2010.04.13"]
[EventType "swiss"]
[EventRounds "6"]
[EventCountry "CAN"]
[Source "ChessBase"]
[SourceDate "2011.11.26"]

1. e4 c5 2. Nf3 Nc6 3. c3 g6 4. d4 cxd4 5. cxd4 Bg7 6. Nc3 d6 7. Bb5 Bd7 8. O-O
e6 9. Be3 Nge7 10. Qd2 O-O 11. Bh6 Rc8 12. Bxg7 Kxg7 13. h3 a6 14. Bxc6 Nxc6
15. Nh2 Ne7 16. Ng4 Ng8 17. f4 h5 18. Nf2 f5 19. d5 Ne7 20. dxe6 Bxe6 21. Nd3
fxe4 22. Nxe4 d5 23. Ng5 Bd7 24. Ne5 Bf5 25. g4 hxg4 26. hxg4 Qb6+ 27. Kg2 Be6
28. Rh1 Ng8 29. Rh7+ Kf6 30. Qd3 Ne7 31. Rxe7 Qxb2+ 32. Kf3 Rc3 33. Rxe6+ Kg7
34. Rxg6+ Kh8 35. Rh1+ 1-0

[Event "Gatineau LEO-B"]
[Site "Gatineau CAN"]
[Date "2010.04.20"]
[Round "2"]
[White "Dupont, Claude"]
[Black "Thibault, Mario"]
[Result "0-1"]
[WhiteElo "1437"]
[BlackElo "1763"]
[PlyCount "66"]
[EventDate "2010.04.13"]
[EventType "swiss"]
[EventRounds "6"]
[EventCountry "CAN"]
[Source "ChessBase"]
[SourceDate "2011.11.26"]

1. e4 c5 2. Nf3 g6 3. d4 cxd4 4. Qxd4 Nf6 5. e5 Nc6 6. Qc4 Ng8 7. Bd2 d5 8.
exd6 Qxd6 9. Bd3 Bg7 10. Bc3 Nf6 11. Nbd2 O-O 12. a3 Be6 13. Qh4 h6 14. O-O-O
Qc7 15. Bxf6 exf6 16. Ne4 Qe7 17. g4 Rfd8 18. g5 fxg5 19. Nexg5 Qf6 20. c3 Ne5
21. Nxe5 hxg5 22. Qe4 Qxe5 23. Qxb7 Bd5 24. Qb4 Bxh1 25. Rxh1 Rxd3 26. Qc4 Rad8
27. h4 Qe2 28. Qb3 gxh4 29. Kb1 Rd1+ 30. Rxd1 Qxd1+ 31. Qxd1 Rxd1+ 32. Kc2 Rf1
33. c4 Rxf2+ 0-1

[Event "Gatineau LEO-B"]
[Site "Gatineau CAN"]
[Date "2010.04.20"]
[Round "2"]
[White "Menard, Marc"]
[Black "Danilov, Alex"]
[Result "0-1"]
[WhiteElo "1612"]
[BlackElo "1824"]
[PlyCount "106"]
[EventDate "2010.04.13"]
[EventType "swiss"]
[EventRounds "6"]
[EventCountry "CAN"]
[Source "ChessBase"]
[SourceDate "2011.11.26"]

1. e4 c5 2. Nf3 Nc6 3. d4 cxd4 4. Nxd4 e6 5. Nc3 a6 6. Be2 Nge7 7. O-O Nxd4 8.
Qxd4 Nc6 9. Qa4 Bc5 10. Bf4 O-O 11. Rad1 Qf6 12. Bg3 Ne5 13. a3 Ba7 14. Kh1 b5
15. Qb3 Nc6 16. Rd2 Nd4 17. Qa2 Bb7 18. e5 Qh6 19. Rfd1 Nf5 20. Rxd7 Nxg3+ 21.
fxg3 Bc6 22. R7d6 Rfc8 23. Bf3 Bxf3 24. gxf3 Qe3 25. Rf1 Qxe5 26. Rxa6 Rd8 27.
Qb3 Bd4 28. Rxa8 Rxa8 29. Nxb5 Bxb2 30. Qd3 Qc5 31. Rd1 g6 32. c4 Kg7 33. Qe4
Ra4 34. Nd6 Rxa3 35. Nxf7 Bf6 36. Qxe6 Re3 37. Qd5 Qxd5 38. cxd5 Kxf7 39. f4
Ke7 40. d6+ Kd7 41. Kg2 Bc3 42. Kh3 Bb4 43. Kg4 Bxd6 44. Kg5 Re2 45. h4 Ke6 46.
Kh6 Re3 47. Rg1 Kf7 48. Kxh7 Be7 49. Kh6 Bf6 50. h5 gxh5 51. Kxh5 Re8 52. Kg4
Re3 53. Ra1 Bxa1 0-1

[Event "Gatineau LEO-B"]
[Site "Gatineau CAN"]
[Date "2010.04.20"]
[Round "2"]
[White "Morel, Joseph"]
[Black "Dagenais, Benoit"]
[Result "0-1"]
[WhiteElo "1326"]
[BlackElo "1394"]
[PlyCount "70"]
[EventDate "2010.04.13"]
[EventType "swiss"]
[EventRounds "6"]
[EventCountry "CAN"]
[Source "ChessBase"]
[SourceDate "2011.11.26"]

1. d4 Nf6 2. c4 g6 3. Nc3 Bg7 4. e4 O-O 5. Nf3 d6 6. Be2 e5 7. d5 Ne8 8. Be3 f5
9. exf5 gxf5 10. Qc2 Na6 11. a3 f4 12. Bd2 Nc5 13. Bd3 Nxd3+ 14. Qxd3 Bf5 15.
Qe2 Nf6 16. h3 Re8 17. O-O Nd7 18. Ne4 Bxe4 19. Qxe4 Nc5 20. Qc2 e4 21. Nh2 e3
22. fxe3 fxe3 23. Bc3 e2 24. Rf2 Bxc3 25. Qxc3 Ne4 26. Qe1 Nxf2 27. Qxf2 Qe7
28. Nf3 Rf8 29. Re1 Rfe8 30. Nd4 Qe3 31. Qxe3 Rxe3 32. Rxe2 Rxe2 33. Nxe2 Rf8
34. g4 Rf3 35. Kg2 Rb3 0-1

[Event "Gatineau LEO-B"]
[Site "Gatineau CAN"]
[Date "2010.04.20"]
[Round "2"]
[White "Pilon, Robert"]
[Black "Guimond, Michel"]
[Result "0-1"]
[WhiteElo "1459"]
[BlackElo "1935"]
[PlyCount "42"]
[EventDate "2010.04.13"]
[EventType "swiss"]
[EventRounds "6"]
[EventCountry "CAN"]
[Source "ChessBase"]
[SourceDate "2011.11.26"]

1. e4 e6 2. d4 d5 3. e5 c5 4. c3 Nc6 5. Nf3 Bd7 6. a3 Qc7 7. b4 c4 8. Be2 h6 9.
h3 g5 10. Nh2 O-O-O 11. f4 gxf4 12. Bxf4 f6 13. Nf3 fxe5 14. Nxe5 Bd6 15. Nf7
Bxf4 16. Nxh8 Be3 17. Kf1 Qg3 18. Qe1 Rf8+ 19. Bf3 Rxf3+ 20. Ke2 Bf2 21. Qf1
Re3+ 0-1

[Event "Gatineau LEO-B"]
[Site "Gatineau CAN"]
[Date "2010.04.20"]
[Round "2"]
[White "Rainey, Ivan"]
[Black "Mohit, Surdasji"]
[Result "1-0"]
[WhiteElo "1387"]
[BlackElo "1575"]
[PlyCount "85"]
[EventDate "2010.04.13"]
[EventType "swiss"]
[EventRounds "6"]
[EventCountry "CAN"]
[Source "ChessBase"]
[SourceDate "2011.11.26"]

1. d4 d5 2. c4 Nf6 3. cxd5 Nxd5 4. e4 Nf6 5. Nc3 e6 6. Nf3 c5 7. Bb5+ Bd7 8.
dxc5 Bxc5 9. Bxd7+ Nbxd7 10. O-O Qc7 11. Re1 O-O-O 12. Qa4 Qb6 13. Be3 Bxe3 14.
Rxe3 Kb8 15. b4 Ng4 16. Re2 Rc8 17. Qxd7 Rxc3 18. Qxf7 Rc7 19. Qf4 Nf6 20. Rc1
Rhc8 21. Rec2 Ne8 22. a3 a6 23. Qe5 Ka7 24. Rxc7 Rxc7 25. Rxc7 Qxc7 26. Qxc7
Nxc7 27. Nd4 Kb6 28. Kf1 a5 29. f4 a4 30. Ke2 g6 31. g4 Nb5 32. Nxb5 Kxb5 33.
Kd3 Kc6 34. Kd4 Kd6 35. f5 exf5 36. exf5 gxf5 37. gxf5 b5 38. f6 Ke6 39. f7
Kxf7 40. Kc5 Kg6 41. Kxb5 Kh5 42. Kxa4 Kh4 43. b5 1-0

[Event "Gatineau LEO-B"]
[Site "Gatineau CAN"]
[Date "2010.04.20"]
[Round "2"]
[White "Scantland, Patrick"]
[Black "Lavergne, Daniel"]
[Result "0-1"]
[WhiteElo "1734"]
[BlackElo "1600"]
[PlyCount "60"]
[EventDate "2010.04.13"]
[EventType "swiss"]
[EventRounds "6"]
[EventCountry "CAN"]
[Source "ChessBase"]
[SourceDate "2011.11.26"]

1. c4 e5 2. Nc3 Nf6 3. g3 Bb4 4. Qc2 Nc6 5. e3 O-O 6. Bg2 Bxc3 7. Qxc3 d5 8.
Ne2 d4 9. exd4 exd4 10. Qd3 Nb4 11. Qb3 c5 12. a3 Nc6 13. O-O a6 14. d3 Na5 15.
Qd1 Qb6 16. b4 cxb4 17. axb4 Nc6 18. Ba3 Re8 19. Nf4 Bf5 20. Nd5 Nxd5 21. Bxd5
Ne5 22. f4 Ng4 23. c5 Qh6 24. Qd2 Ne3 25. Rf2 Nxd5 26. Bb2 Qf6 27. Re2 Rxe2 28.
Qxe2 Nxb4 29. Re1 h6 30. Qe7 Nxd3 0-1

[Event "Gatineau LEO-B"]
[Site "Gatineau CAN"]
[Date "2010.04.27"]
[Round "3"]
[White "Beland, Guy"]
[Black "Jiang, Qizhe"]
[Result "0-1"]
[WhiteElo "1431"]
[BlackElo "1246"]
[PlyCount "52"]
[EventDate "2010.04.13"]
[EventType "swiss"]
[EventRounds "6"]
[EventCountry "CAN"]
[Source "ChessBase"]
[SourceDate "2011.11.26"]

1. e4 g6 2. Nf3 Bg7 3. Bc4 Nf6 4. d4 d6 5. O-O O-O 6. Nc3 Nbd7 7. b4 b6 8. Bb2
Bb7 9. Re1 c5 10. bxc5 bxc5 11. d5 Nb6 12. Qe2 Qc8 13. a4 Nxc4 14. Qxc4 Ba6 15.
Qa2 Rb8 16. e5 Nd7 17. e6 Ne5 18. Re3 Nc4 19. Rb1 Nxe3 20. fxe3 h6 21. Nd2 fxe6
22. dxe6 Rb7 23. Nce4 Qb8 24. Nc4 d5 25. Nxc5 Bxc4 26. Qa1 Bxb2 0-1

[Event "Gatineau LEO-B"]
[Site "Gatineau CAN"]
[Date "2010.04.27"]
[Round "3"]
[White "Berthiaume, Patrick"]
[Black "Arsenault, Yves"]
[Result "0-1"]
[WhiteElo "1256"]
[BlackElo "1543"]
[PlyCount "28"]
[EventDate "2010.04.13"]
[EventType "swiss"]
[EventRounds "6"]
[EventCountry "CAN"]
[Source "ChessBase"]
[SourceDate "2011.11.26"]

1. e4 c5 2. Nc3 Nc6 3. g3 d6 4. Bg2 Nf6 5. d3 h6 6. Nge2 e5 7. f4 exf4 8. Bxf4
g5 9. Be3 Bg7 10. h4 Ng4 11. Bd2 Nd4 12. Nxd4 Bxd4 13. hxg5 Nf2 14. Qf3 Nxh1
0-1

[Event "Gatineau LEO-B"]
[Site "Gatineau CAN"]
[Date "2010.04.27"]
[Round "3"]
[White "Berthiaume, Serge"]
[Black "Morel, Joseph"]
[Result "0-1"]
[WhiteElo "1300"]
[BlackElo "1326"]
[PlyCount "94"]
[EventDate "2010.04.13"]
[EventType "swiss"]
[EventRounds "6"]
[EventCountry "CAN"]
[Source "ChessBase"]
[SourceDate "2011.11.26"]

1. d4 d5 2. Nf3 Nf6 3. Bg5 e6 4. e3 Be7 5. Bd3 h6 6. Bh4 O-O 7. c4 dxc4 8. Bxc4
Nbd7 9. Nc3 c5 10. O-O cxd4 11. Nxd4 Nb6 12. Bd3 Nbd5 13. Nxd5 Nxd5 14. Bxe7
Qxe7 15. a3 a6 16. Rc1 Rd8 17. Qe2 e5 18. Nf5 Qe6 19. Ng3 b5 20. Rfd1 Bb7 21.
Bf5 Qe7 22. Rc2 g6 23. Bh3 Kg7 24. Rdc1 Ra7 25. e4 Nf4 26. Qe3 Nxh3+ 27. gxh3
Ba8 28. Qb6 Rd6 29. Qa5 Rad7 30. Kf1 Rd1+ 31. Rxd1 Rxd1+ 32. Ke2 Qd6 33. Qc3
Rd4 34. Ke3 Rc4 35. Qd2 Qc5+ 36. Kd3 Bxe4+ 37. Nxe4 Qd4+ 38. Ke2 Qxe4+ 39. Kd1
Rd4 40. Qxd4 Qxd4+ 41. Rd2 Qf4 42. Rd6 Qxf2 43. Rxa6 Qxb2 44. Ra5 e4 45. Ra7 e3
46. Re7 Qxa3 47. Ke2 Qxe7 0-1